[Event "East Detroit Grand Prix"]
[Site "East Detroit, Mich."]
[Date "1987.03.21"]
[Round "1"]
[White "Duncan, Robert"]
[Black "Moody, David"]
[Result "1/2-1/2"]
[WhiteElo "1607"]
[BlackElo "2037"]
[PlyCount "92"]
[EventDate "1987.03.21"]

1. d4 Nf6 2. Nf3 g6 3. g3 Bg7 4. Bg2 O-O 5. O-O d6 6. e3 Nbd7 7. c3 c5 8. Nbd2
Rb8 9. a3 b6 10. Re1 Bb7 11. b4 Qc7 12. Bb2 e5 13. Nb3 Rfc8 14. Qe2 cxb4 15.
axb4 Bd5 16. Nbd2 a5 17. Rec1 Ne4 18. c4 Nxd2 19. cxd5 Nxf3+ 20. Bxf3 Qb7 21.
Rxc8+ Rxc8 22. bxa5 bxa5 23. Rxa5 Rb8 24. Ba3 Qb1+ 25. Kg2 e4 26. Bg4 f5 27.
Bh3 Qd3 28. Qxd3 exd3 29. Bxd6 Rb2 30. Ra1 Nf6 31. Rd1 Ne4 32. Rxd3 Nxf2 33.
Ba3 Nxd3+ 34. Bxb2 Nxb2 35. Kf3 Nc4 36. g4 f4 37. Kxf4 g5+ 38. Kxg5 Nxe3 39. d6
Bxd4 40. d7 Bb6 41. Kf6 Bd8+ 42. Ke5 Kf7 43. Ke4 Bg5 44. d8=Q Bxd8 45. Kxe3 h6
46. Bg2 Bg5+ 1/2-1/2

[Event "East Detroit Grand Prix"]
[Site "East Detroit, Mich."]
[Date "1987.03.22"]
[Round "4"]
[White "Moody, David"]
[Black "Golonka, Stan"]
[Result "1/2-1/2"]
[WhiteElo "2037"]
[BlackElo "1853"]
[PlyCount "105"]
[EventDate "1987.03.21"]

1. e4 c5 2. Nf3 Nc6 3. d4 cxd4 4. Nxd4 d6 5. c4 Nf6 6. Nc3 g6 7. Be2 Bg7 8. Be3
O-O 9. f3 Bd7 10. Qd2 Rc8 11. Nxc6 Rxc6 12. Bxa7 b6 13. Nd5 e6 14. Nb4 Qc7 15.
O-O Rd8 16. Nxc6 Bxc6 17. Bxb6 Qxb6+ 18. Kh1 Ne8 19. Rab1 d5 20. Rfd1 Bf6 21.
Qc2 dxe4 22. fxe4 Qb7 23. Bf3 Rxd1+ 24. Rxd1 Qxb2 25. Qxb2 Bxb2 26. Rb1 Be5 27.
Rb6 Ba8 28. a4 Nc7 29. a5 Kf8 30. Bd1 Bxe4 31. Bf3 Bd3 32. a6 Nxa6 33. Rxa6
Bxc4 34. Ra8+ Ke7 35. Ra7+ Kf6 36. Bc6 Bd6 37. Rd7 Be7 38. Rd4 Bb3 39. Rd3 Bc2
40. Rf3+ Kg7 41. Rf2 Bf5 42. Rxf5 gxf5 43. g3 Bd6 44. Kg2 f4 45. Kf3 fxg3 46.
hxg3 f5 47. g4 Kf6 48. gxf5 exf5 49. Kg2 Kg5 50. Kh1 Kg4 51. Ba8 f4 52. Bg2 h5
53. Ba8 1/2-1/2

[Event "East Detroit Grand Prix"]
[Site "East Detroit, Mich."]
[Date "1987.03.22"]
[Round "5"]
[White "Harrold, Alvin"]
[Black "Moody, David"]
[Result "1/2-1/2"]
[WhiteElo "1769"]
[BlackElo "2037"]
[PlyCount "85"]
[EventDate "1987.03.21"]

1. b3 e5 2. Bb2 Nc6 3. c4 f5 4. g3 Nf6 5. Bg2 d6 6. e3 g6 7. Ne2 Bg7 8. Nbc3
O-O 9. Nd5 Nxd5 10. Bxd5+ Kh8 11. d3 Qe7 12. Qd2 e4 13. dxe4 fxe4 14. Bxg7+
Qxg7 15. Qc3 Bf5 16. h3 Ne5 17. g4 Nd3+ 18. Kd2 c6 19. Qxg7+ Kxg7 20. Bxc6 bxc6
21. gxf5 Rxf5 22. f4 Rh5 23. Ng3 Ra5 24. Nxe4 Nb4 25. a3 Na6 26. b4 Rf5 27.
Rac1 Rd8 28. Ke2 d5 29. Ng3 Rf7 30. Rhd1 Rfd7 31. cxd5 cxd5 32. Rd4 Nc7 33.
Rcd1 Ne6 34. R4d3 Kf8 35. Ne4 Ke7 36. Ng5 Nxg5 37. fxg5 Ke6 38. Rd4 Rc8 39. Kd3
Rdc7 40. Ke2 Rd7 41. R1d3 Rc2+ 42. Rd2 Rc3 43. R2d3 1/2-1/2

[Event "Southfield Tornado (April)"]
[Site "Southfield, Mich."]
[Date "1987.04.12"]
[Round "1"]
[White "Thompson, Dexter"]
[Black "Moody, David"]
[Result "1-0"]
[WhiteElo "2167"]
[BlackElo "2037"]
[PlyCount "50"]
[EventDate "1987.04.12"]

1. e4 e5 2. Nf3 Nc6 3. Bc4 Nf6 4. d4 exd4 5. O-O Bc5 6. e5 d5 7. exf6 dxc4 8.
Re1+ Be6 9. Ng5 Qd5 10. Nc3 Qf5 11. Nce4 O-O-O 12. g4 Qe5 13. Nf3 Qd5 14. fxg7
Rhg8 15. Nf6 Qd6 16. Bh6 d3 17. c3 d2 18. Qxd2 Bd5 19. Nxd5 Qxd5 20. Qxd5 Rxd5
21. Rad1 Rd6 22. Rxd6 Bxd6 23. Re4 Kd7 24. Ng5 Ne5 25. Nxh7 Ke6 1-0

[Event "Southfield Tornado (April)"]
[Site "Southfield, Mich."]
[Date "1987.04.12"]
[Round "2"]
[White "Owens, James"]
[Black "Moody, David"]
[Result "1-0"]
[WhiteElo "1997"]
[BlackElo "2037"]
[PlyCount "61"]
[EventDate "1987.04.12"]

1. d4 Nf6 2. c4 c5 3. Nf3 g6 4. Nc3 Bg7 5. dxc5 Qa5 6. Bd2 Qxc5 7. e4 d6 8. Qc2
O-O 9. Be2 Be6 10. b3 Nbd7 11. O-O a6 12. Rad1 Rab8 13. Be3 Qc6 14. Nd4 Qc7 15.
f4 Bg4 16. Nf3 b5 17. h3 bxc4 18. Bxc4 Bxf3 19. Rxf3 Nc5 20. Nd5 Nxd5 21. Bxd5
Qa5 22. Bd2 Qb6 23. Be3 Qa5 24. Rc1 Rfc8 25. Qc4 Ne6 26. Qe2 Rxc1+ 27. Bxc1
Bd4+ 28. Kh1 Qb6 29. Qc4 Qb4 30. Bxe6 Qe1+ 31. Rf1 1-0

[Event "Southfield Tornado (April)"]
[Site "Southfield, Mich."]
[Date "1987.04.12"]
[Round "3"]
[White "Moody, David"]
[Black "Baze, Lineas"]
[Result "0-1"]
[WhiteElo "2037"]
[BlackElo "2032"]
[PlyCount "124"]
[EventDate "1987.04.12"]

1. Nc3 d5 2. e4 d4 3. Nce2 c5 4. Ng3 Nc6 5. Nf3 e6 6. Bb5 Bd7 7. O-O Nf6 8. d3
Be7 9. Bxc6 Bxc6 10. Ne5 Qc7 11. f4 Nd7 12. Nh5 g6 13. Nxd7 Kxd7 14. Ng3 f5 15.
Qe2 Rae8 16. Bd2 Bh4 17. c3 Kc8 18. cxd4 cxd4 19. Rac1 Kb8 20. b4 Qb6 21. Rfe1
Bxg3 22. hxg3 fxe4 23. dxe4 d3+ 24. Qf2 Qxf2+ 25. Kxf2 Rc8 26. Ke3 Rhd8 27. Bc3
Bb5 28. Be5+ Ka8 29. Rxc8+ Rxc8 30. Kd2 Rc2+ 31. Ke3 Rxg2 32. Rc1 Re2+ 33. Kf3
Bc6 34. b5 Bxe4+ 35. Kg4 Rc2 36. Rxc2 dxc2 37. Bb2 Kb8 38. Kg5 Kc7 39. Kf6 Bf5
40. Ke5 Kb6 41. Kd4 Kxb5 42. Kc3 Kc5 43. Kd2 Kd5 44. Ke3 b5 45. Bc1 Kc4 46. Bb2
a5 47. Kd2 b4 48. Bc1 a4 49. Bb2 a3 50. Be5 b3 51. axb3+ Kxb3 52. Kc1 Bd3 53.
Bd4 h5 54. Be5 Kc4 55. Kd2 Be4 56. Ba1 Bf5 57. Be5 Kd5 58. Ba1 Ke4 59. Bf6 Kf3
60. Bd4 Kxg3 61. Kc1 Kxf4 62. Be3+ Kf3 0-1

[Event "Southfield Tornado (April)"]
[Site "Southfield, Mich."]
[Date "1987.04.12"]
[Round "5"]
[White "Moody, David"]
[Black "Baudry, Pascal"]
[Result "0-1"]
[WhiteElo "2037"]
[BlackElo "2176"]
[PlyCount "60"]
[EventDate "1987.04.12"]

1. e4 e5 2. Nc3 Nc6 3. g3 Bc5 4. Bg2 Nge7 5. Nge2 d6 6. d3 Be6 7. f4 f6 8. Na4
Bb6 9. Nxb6 axb6 10. d4 Bc4 11. fxe5 dxe5 12. d5 Bxe2 13. Qxe2 Nd4 14. Qd3 Qd7
15. Be3 Nb5 16. Bh3 Qxh3 17. Qxb5+ Kf7 18. Qc4 b5 19. Qb3 Kg6 20. O-O-O Nc8 21.
Qxb5 Nd6 22. Qe2 Rxa2 23. Rdg1 Nxe4 24. c3 h5 25. Qd3 f5 26. g4 hxg4 27. d6
cxd6 28. Qc4 Ra1+ 29. Kc2 Rxg1 30. Rxg1 Qxh2+ 0-1

[Event "Southfield Tornado (April)"]
[Site "Southfield, Mich."]
[Date "1987.04.12"]
[Round "4"]
[White "Lindsay, Fred"]
[Black "Moody, David"]
[Result "1-0"]
[WhiteElo "2408"]
[BlackElo "2037"]
[PlyCount "33"]
[EventDate "1987.04.12"]

1. Nf3 Nf6 2. c4 d6 3. d4 g6 4. Nc3 Bg7 5. e4 O-O 6. Be2 c5 7. O-O Bg4 8. Be3
Bxf3 9. Bxf3 cxd4 10. Bxd4 Nc6 11. Be3 Ne5 12. Be2 Qc8 13. Nd5 Nxd5 14. cxd5
Nc4 15. Bg5 Re8 16. Rc1 Nxb2 17. Rxc8 1-0

[Event "National HS U1500"]
[Site "Pulaski, VA"]
[Date "1987.04.25"]
[Round "4"]
[White "Dickerson, Mike"]
[Black "Aldrich, Jeff"]
[Result "1-0"]
[WhiteElo "1384"]
[BlackElo "1147"]
[PlyCount "119"]
[EventDate "1987.04.??"]

1. e4 e5 2. Nf3 Nc6 3. Bc4 Bc5 4. c3 Nf6 5. d4 exd4 6. cxd4 Be7 7. Nc3 Bb4 8.
Bg5 h6 9. Bxf6 Qxf6 10. e5 Qe7 11. O-O O-O 12. Nd5 Qd8 13. Nxb4 Nxb4 14. a3 Nc6
15. b4 d6 16. exd6 Qxd6 17. Bb5 Bd7 18. Bxc6 Bxc6 19. Rc1 Rac8 20. Ne5 Bd5 21.
Qa4 a6 22. Qd7 Qxd7 23. Nxd7 Rfd8 24. Nc5 Bc6 25. Rfd1 Bb5 26. Nxb7 Rd5 27. Rc5
Rxc5 28. Nxc5 c6 29. a4 Bc4 30. Rc1 Be2 31. Rc2 Re8 32. f3 Bd1 33. Ra2 Kh7 34.
Nxa6 Ra8 35. Nc5 Rb8 36. Ra1 Bc2 37. Rc1 Bf5 38. Rc4 Bb1 39. b5 cxb5 40. Rb4
Ba2 41. Rxb5 Rd8 42. Rb4 Bd5 43. a5 Ba8 44. Kf2 Kg8 45. Ke3 f6 46. a6 Kf7 47.
a7 Rd5 48. Rb8 Bc6 49. Nb7 Bxb7 50. Rxb7+ Kg6 51. a8=Q Rh5 52. Qe8+ Kg5 53.
Rb5+ f5 54. Rxf5+ Kxf5 55. Qxh5+ Kf6 56. Kf4 g6 57. Qe5+ Kf7 58. d5 g5+ 59. Kf5
h5 60. Qc7+ 1-0

[Event "National HS U1500"]
[Site "Pulaski, VA"]
[Date "1987.04.25"]
[Round "3"]
[White "Aldrich, Jeff"]
[Black "Warburton, Tom"]
[Result "1-0"]
[WhiteElo "1147"]
[BlackElo "1434"]
[PlyCount "45"]
[EventDate "1987.04.??"]

1. d4 d5 2. c4 Nf6 3. Bg5 Nc6 4. Nc3 Bf5 5. a3 Qd7 6. Bxf6 exf6 7. Nxd5 Be6 8.
e4 O-O-O 9. Nf3 Bxd5 10. cxd5 Ne7 11. Be2 f5 12. Ne5 Qe8 13. exf5 Nxf5 14. Bg4
Kb8 15. Bxf5 Rxd5 16. Be4 Rd6 17. O-O Qd8 18. Nxf7 Qh4 19. Re1 Re6 20. Qd3 Rg8
21. Ne5 Bd6 22. Qb3 Rge8 23. Qxb7# 1-0

[Event "National HS U1500"]
[Site "Pulaski, VA"]
[Date "1987.04.26"]
[Round "5"]
[White "Aldrich, Jeff"]
[Black "Puckett, Charles"]
[Result "0-1"]
[WhiteElo "1147"]
[BlackElo "1435"]
[PlyCount "86"]
[EventDate "1987.04.??"]

1. d4 g6 2. c4 Bg7 3. Nc3 Nc6 4. Nf3 Nf6 5. e4 O-O 6. Be3 e6 7. h3 d5 8. e5 Ne4
9. Bd3 f5 10. exf6 Rxf6 11. Bxe4 dxe4 12. Nxe4 Rf5 13. Qd2 Qf8 14. g4 Rxf3 15.
h4 h5 16. gxh5 gxh5 17. Rg1 e5 18. Bh6 Bg4 19. Bxg7 Qxg7 20. dxe5 Qxe5 21. Qd5+
Qxd5 22. cxd5 Nd4 23. Rc1 Rf7 24. Kf1 Ne2 25. Rxg4+ hxg4 26. Kxe2 Re8 27. Kd3
Rd8 28. Kd4 c6 29. Nc3 cxd5 30. Rh1 Rf4+ 31. Ke3 Rf3+ 32. Ke2 Rh3 33. Rxh3 gxh3
34. Kf1 d4 35. Nd1 Rf8 36. Kg1 Rf3 37. Kh2 Rd3 38. h5 Rxd1 39. Kxh3 d3 40. Kg3
Re1 41. f4 d2 42. h6 d1=Q 43. Kh4 Rg1 0-1

[Event "National HS U1500"]
[Site "Pulaski, VA"]
[Date "1987.04.26"]
[Round "7"]
[White "Aldrich, Jeff"]
[Black "O'Neal, Jerry"]
[Result "0-1"]
[WhiteElo "1147"]
[BlackElo "1408"]
[PlyCount "68"]
[EventDate "1987.04.??"]

1. d4 d5 2. c4 b6 3. Nc3 e6 4. Nf3 Bb4 5. Bd2 Bxc3 6. Bxc3 f5 7. e3 Nf6 8. Be2
Bd7 9. O-O Nc6 10. Re1 dxc4 11. Bxc4 Qe7 12. h3 a6 13. a4 Na5 14. Bxa5 bxa5 15.
b3 Qb4 16. Ne5 Rd8 17. Nxd7 Rxd7 18. Bxe6 Rd6 19. Bxf5 g6 20. Bd3 O-O 21. Bc4+
Kg7 22. e4 Nh5 23. Rb1 Qb6 24. Bd5 c6 25. Bc4 Rxd4 26. Qc2 Qd8 27. Qc3 Qf6 28.
Qxa5 Qxf2+ 29. Kh2 Qf4+ 30. Kh1 Ng3+ 31. Kg1 Qf2+ 32. Kh2 Qf4 33. e5 Nf1+ 34.
Kg1 Qh2# 0-1

[Event "St. Alphonsus Tornado"]
[Site "Dearborn, Mich."]
[Date "1987.05.02"]
[Round "3"]
[White "Thompson, Dexter"]
[Black "Moody, David"]
[Result "1-0"]
[WhiteElo "2180"]
[BlackElo "2054"]
[PlyCount "45"]
[EventDate "1987.05.02"]

1. e4 e5 2. Nf3 Nc6 3. d4 exd4 4. c3 dxc3 5. Bc4 cxb2 6. Bxb2 Bb4+ 7. Nc3 d6 8.
O-O Bxc3 9. Bxc3 Nf6 10. Qb3 O-O 11. e5 dxe5 12. Nxe5 Nxe5 13. Bxe5 c6 14. Rad1
Qb6 15. Qg3 Ng4 16. Bc7 Qc5 17. Be2 Qf5 18. Rd4 Nf6 19. Bd3 Qh5 20. Rh4 Qd5 21.
Be5 Ng4 22. Bxh7+ Kh8 23. Be4+ 1-0

[Event "St. Alphonsus Tornado"]
[Site "Dearborn, Mich."]
[Date "1987.05.02"]
[Round "2"]
[White "Ridella, Dennis"]
[Black "Moody, David"]
[Result "0-1"]
[WhiteElo "1531"]
[BlackElo "2054"]
[PlyCount "76"]
[EventDate "1987.05.02"]

1. e4 e5 2. Nf3 Nc6 3. Bc4 Nf6 4. d3 Bc5 5. Nc3 d6 6. h3 Be6 7. Bxe6 fxe6 8.
Bg5 Qe7 9. Qe2 O-O-O 10. a3 h6 11. Bd2 Rhe8 12. O-O-O d5 13. exd5 exd5 14. Nb1
d4 15. Rhe1 Nd5 16. Qe4 Nc3 17. Qf5+ Kb8 18. Bxc3 dxc3 19. bxc3 Bxa3+ 20. Nxa3
Qxa3+ 21. Kd2 Qc5 22. Re2 Na5 23. Qe4 Nc4+ 24. Ke1 Nb2 25. Rb1 Qxc3+ 26. Kf1 a5
27. Nxe5 a4 28. Qf5 a3 29. Nd7+ Ka8 30. Rxe8 Rxe8 31. Qb5 Re7 32. d4 Qc4+ 33.
Qxc4 Nxc4 34. Nc5 Nd2+ 35. Kg1 Nxb1 36. Nb3 a2 37. Kh2 Re1 38. c4 Na3 0-1

[Event "St. Alphonsus Tornado"]
[Site "Dearborn, Mich."]
[Date "1987.05.02"]
[Round "1"]
[White "Moody, David"]
[Black "Voden, Charles"]
[Result "1-0"]
[WhiteElo "2054"]
[BlackElo "1290"]
[PlyCount "53"]
[EventDate "1987.05.02"]

1. e4 d5 2. exd5 Qxd5 3. Nc3 Qd7 4. Nf3 Nf6 5. Bc4 e6 6. d4 c6 7. Qe2 Be7 8.
Bg5 O-O 9. O-O-O Rd8 10. Rhe1 Re8 11. Ne5 Qd6 12. Bd3 g6 13. Qf3 Nbd7 14. Ne4
Nxe5 15. dxe5 Nxe4 16. exd6 Bxg5+ 17. Kb1 Nxd6 18. Qg3 Be7 19. h4 Nf5 20. Bxf5
exf5 21. Qc7 Kf8 22. Rxe7 Rxe7 23. Rd8+ Re8 24. Qd6+ Kg7 25. Rxe8 Be6 26. Qf8+
Kf6 27. Qh8# 1-0

[Event "St. Alphonsus Tornado"]
[Site "Dearborn, Mich."]
[Date "1987.05.02"]
[Round "4"]
[White "Moody, David"]
[Black "Jackson, James"]
[Result "1/2-1/2"]
[WhiteElo "2054"]
[BlackElo "1899"]
[PlyCount "94"]
[EventDate "1987.05.02"]

1. Nf3 Nf6 2. g3 g6 3. Bg2 Bg7 4. O-O O-O 5. d3 d5 6. Nbd2 c6 7. Re1 Nbd7 8. e4
Re8 9. e5 Ng4 10. e6 Nde5 11. Nxe5 Nxe5 12. f4 Qb6+ 13. Kh1 Nxd3 14. exf7+ Kxf7
15. cxd3 Bf5 16. Nb3 d4 17. Be4 Bd7 18. f5 Qb5 19. fxg6+ hxg6 20. Qf3+ Bf6 21.
Nxd4 Qb4 22. Nc2 Qa5 23. Rf1 Rh8 24. Be3 Rh3 25. Bd4 Qg5 26. Bxf6 exf6 27. Qf4
Qxf4 28. Rxf4 Rah8 29. Rf2 Rxg3 30. Rg1 Rxg1+ 31. Kxg1 f5 32. Kg2 Ke6 33. Bf3
g5 34. Ne3 Ke5 35. Nc2 g4 36. Bd1 f4 37. Re2+ Kf6 38. Re4 Kg5 39. Nd4 c5 40.
Ne6+ Kf5 41. Bxg4+ Kxg4 42. Rxf4+ Kh5 43. Nxc5 Bc6+ 44. Kf2 Kg5 45. Ne6+ Kg6
46. h4 Bd5 47. Ng5 Bxa2 1/2-1/2

[Event "Trenton Quads (May)"]
[Site "Trenton, Mich."]
[Date "1987.05.17"]
[Round "3"]
[White "Wolfrom, David"]
[Black "Moody, David"]
[Result "1-0"]
[WhiteElo "2169"]
[BlackElo "2054"]
[PlyCount "51"]
[EventDate "1987.05.17"]

1. d4 Nf6 2. c4 c5 3. d5 e6 4. Nc3 exd5 5. cxd5 d6 6. e4 g6 7. f4 Bg7 8. Bb5+
Nfd7 9. Bd3 O-O 10. Nf3 Nf6 11. O-O a6 12. a4 Bg4 13. h3 Bxf3 14. Qxf3 Nbd7 15.
a5 b5 16. axb6 Qxb6 17. Bc4 Rfe8 18. Qd3 g5 19. e5 Nh5 20. e6 Bd4+ 21. Kh2 Ndf6
22. fxg5 Be5+ 23. Kg1 Bd4+ 24. Be3 Qxb2 25. Bxd4 cxd4 26. Qxd4 1-0

[Event "Trenton Quads (May)"]
[Site "Trenton, Mich."]
[Date "1987.05.17"]
[Round "1"]
[White "Thompson, Dexter"]
[Black "Moody, David"]
[Result "1/2-1/2"]
[WhiteElo "2180"]
[BlackElo "2054"]
[PlyCount "82"]
[EventDate "1987.05.17"]

1. e4 e5 2. Nf3 Nf6 3. Bc4 Nc6 4. O-O Bc5 5. d4 exd4 6. e5 d5 7. exf6 dxc4 8.
Re1+ Be6 9. Ng5 Qd5 10. Nc3 Qf5 11. Nce4 O-O-O 12. g4 Qe5 13. Nf3 Qd5 14. fxg7
Bxg4 15. gxh8=Q Rxh8 16. Nf6 Qxf3 17. Nxg4 Qxd1 18. Rxd1 Rg8 19. h3 h5 20. f3
f5 21. Kh1 hxg4 22. fxg4 fxg4 23. Rg1 Rh8 24. Rxg4 Rxh3+ 25. Kg2 Rh7 26. Bf4
Nb4 27. c3 Nc2 28. Rh1 Rxh1 29. Kxh1 d3 30. Kg2 Be3 31. Kf3 Bxf4 32. Rxf4 b5
33. b3 b4 34. cxb4 c3 35. Rc4 d2 36. Ke2 Ne3 37. Rd4 Nf1 38. Rc4 Ne3 39. Rd4
Nf1 40. Kd1 Ne3+ 41. Ke2 Nf1 1/2-1/2

[Event "Trenton Quads (May)"]
[Site "Trenton, Mich."]
[Date "1987.05.17"]
[Round "2"]
[White "Moody, David"]
[Black "Kulbacki, Jim"]
[Result "1/2-1/2"]
[WhiteElo "2054"]
[BlackElo "2155"]
[PlyCount "39"]
[EventDate "1987.05.17"]

1. Nf3 d5 2. d4 Nf6 3. Bg5 e6 4. Nbd2 Be7 5. e3 Nbd7 6. Bd3 c5 7. c3 Qc7 8. O-O
O-O 9. e4 e5 10. exd5 Nxd5 11. Bxe7 Nxe7 12. dxe5 Nxe5 13. Nxe5 Qxe5 14. Re1
Qc7 15. Qh5 g6 16. Qg5 f6 17. Qe3 Nf5 18. Bxf5 Bxf5 19. Ne4 b6 20. Rad1 1/2-1/2

[Event "Michigan Masters/Experts Championship"]
[Site "East Detroit, Mich."]
[Date "1987.05.23"]
[Round "2"]
[White "Kitts, Gary"]
[Black "Moody, David"]
[Result "0-1"]
[WhiteElo "2117"]
[BlackElo "2054"]
[PlyCount "46"]
[EventDate "1987.05.23"]

1. e4 e5 2. Nf3 Nc6 3. Bb5 a6 4. Ba4 Nf6 5. O-O Be7 6. Re1 b5 7. Bb3 O-O 8. c3
d5 9. exd5 Nxd5 10. Nxe5 Nxe5 11. Rxe5 c6 12. d4 Bd6 13. Re1 Qh4 14. g3 Qh3 15.
Bxd5 cxd5 16. Be3 Bg4 17. Qd3 Rae8 18. Nd2 f5 19. Qf1 Qh5 20. Qg2 f4 21. gxf4
Re6 22. Kh1 Rg6 23. Rg1 Be2 0-1

[Event "Michigan Masters/Experts Championship"]
[Site "East Detroit, Mich."]
[Date "1987.05.23"]
[Round "1"]
[White "Baudry, Pascal"]
[Black "Moody, David"]
[Result "1-0"]
[WhiteElo "2182"]
[BlackElo "2054"]
[PlyCount "35"]
[EventDate "1987.05.23"]

1. e3 d6 2. e4 e5 3. Nc3 f5 4. d4 Nf6 5. dxe5 dxe5 6. Qxd8+ Kxd8 7. Nf3 fxe4 8.
Nxe5 Be6 9. Bg5 h6 10. Bc4 Bxc4 11. Bxf6+ gxf6 12. Nxc4 Bd6 13. O-O-O Re8 14.
Rhe1 Re6 15. Rxe4 Ke7 16. Nxd6 cxd6 17. Rxe6+ Kxe6 18. Nb5 1-0

[Event "Michigan Masters/Experts Championship"]
[Site "East Detroit, Mich."]
[Date "1987.05.24"]
[Round "4"]
[White "Thompson, Dexter"]
[Black "Moody, David"]
[Result "1-0"]
[WhiteElo "2180"]
[BlackElo "2054"]
[PlyCount "35"]
[EventDate "1987.05.23"]

1. e4 e5 2. Nf3 Nf6 3. Nc3 Nc6 4. Bb5 Bb4 5. O-O O-O 6. d3 d6 7. Bg5 Bxc3 8.
bxc3 Qe7 9. Re1 Nd8 10. d4 Ne6 11. Bc1 a6 12. Bf1 Nd7 13. a4 f6 14. Ba3 Nf4 15.
g3 Ng6 16. h4 Qf7 17. Nd2 c6 18. Bxd6 1-0

[Event "Michigan Masters/Experts Championship"]
[Site "East Detroit, Mich."]
[Date "1987.05.24"]
[Round "3"]
[White "Moody, David"]
[Black "Cooper, Thomas"]
[Result "1/2-1/2"]
[WhiteElo "2054"]
[BlackElo "2231"]
[PlyCount "88"]
[EventDate "1987.05.23"]

1. Nf3 Nf6 2. g3 d5 3. Bg2 c6 4. O-O Bf5 5. d3 e6 6. Nbd2 h6 7. Qe1 Be7 8. e4
Bh7 9. Qe2 O-O 10. e5 Nfd7 11. Re1 c5 12. Nf1 Nc6 13. h4 Rc8 14. Bf4 b5 15.
N1h2 a5 16. Ng4 Nd4 17. Qd2 Nf5 18. Bh3 c4 19. Ne3 Nxe3 20. Qxe3 cxd3 21. cxd3
Rc2 22. Re2 Rxe2 23. Qxe2 Qb6 24. Rc1 Nc5 25. Ne1 b4 26. Be3 Qb5 27. Bf1 Na4
28. Qc2 Qe8 29. Bd4 f6 30. b3 fxe5 31. Bxe5 Nc5 32. Bd4 Nd7 33. Qc7 Bd8 34. Qb7
Qf7 35. Bg2 Kh8 36. Rc8 Bg8 37. Qa8 Qe7 38. Nf3 e5 39. Nxe5 Nxe5 40. Bxe5 Qxe5
41. Rxd8 Qe1+ 42. Kh2 Rxd8 43. Qxd8 Qxf2 44. Qxa5 Qd4 1/2-1/2

[Event "Southfield Super Tornado"]
[Site "Southfield, Mich."]
[Date "1987.06.27"]
[Round "3"]
[White "Schweikert, Gary"]
[Black "Moody, David"]
[Result "0-1"]
[WhiteElo "1926"]
[BlackElo "2054"]
[PlyCount "70"]
[EventDate "1987.06.27"]

1. d4 Nf6 2. c4 c5 3. Nf3 cxd4 4. Nxd4 e6 5. g3 d5 6. Bg2 Bb4+ 7. Bd2 Nc6 8.
Bxb4 Nxb4 9. Qa4+ Nc6 10. Nxc6 Qd7 11. Nc3 bxc6 12. cxd5 cxd5 13. Qb4 Qe7 14.
Qxe7+ Kxe7 15. e4 dxe4 16. Nxe4 Bb7 17. f3 Nxe4 18. fxe4 Rac8 19. O-O Rc2 20.
Rf3 Rxg2+ 21. Kxg2 Bxe4 22. Kf2 Bxf3 23. Kxf3 Rc8 24. Re1 Rc2 25. Re2 Rxe2 26.
Kxe2 f5 27. Ke3 e5 28. b4 g5 29. a4 Kd6 30. Kd3 Kd5 31. h3 f4 32. a5 e4+ 33.
Ke2 Kc4 34. h4 h6 35. a6 Kxb4 0-1

[Event "Southfield Super Tornado"]
[Site "Southfield, Mich."]
[Date "1987.06.27"]
[Round "1"]
[White "Ruark, Donald"]
[Black "Moody, David"]
[Result "1/2-1/2"]
[WhiteElo "1443"]
[BlackElo "2054"]
[PlyCount "139"]
[EventDate "1987.06.27"]

1. d4 Nf6 2. Nf3 g6 3. e3 Bg7 4. Bd3 O-O 5. c4 d6 6. Nbd2 Nbd7 7. O-O c5 8. Qc2
cxd4 9. exd4 e5 10. Re1 exd4 11. Nb3 Nc5 12. Nbxd4 a5 13. Be3 b6 14. Bf1 Bb7
15. Rad1 Be4 16. Qc1 d5 17. Nb3 Qc8 18. Bxc5 bxc5 19. Nbd2 Bxf3 20. Nxf3 d4 21.
Bd3 Qb7 22. Re2 Rab8 23. Rde1 Qb4 24. g3 Nd7 25. a3 Qb3 26. Qc2 Qa2 27. Re7 Nb6
28. R1e2 Qa1+ 29. Re1 Qa2 30. R1e2 Nc8 31. Rc7 Qa1+ 32. Kg2 Nd6 33. Rxc5 a4 34.
Qxa4 Rxb2 35. Rxb2 Qxb2 36. Qb4 Qc3 37. Qxc3 dxc3 38. Rd5 Nxc4 39. Bxc4 c2 40.
Rc5 Bb2 41. Bxf7+ Rxf7 42. Rxc2 Bxa3 43. Ng5 Rd7 44. f3 Kg7 45. h4 Be7 46. Rc4
Bxg5 47. hxg5 h6 48. gxh6+ Kxh6 49. Re4 Kg7 50. f4 Kf6 51. Re5 Rd2+ 52. Kf3
Rd3+ 53. Kg4 Rd1 54. Kh3 Rh1+ 55. Kg2 Ra1 56. g4 Ra2+ 57. Kf3 Ra3+ 58. Re3 Ra5
59. Kg3 Rb5 60. g5+ Kf7 61. Re5 Rb3+ 62. Kg4 Rb1 63. Kf3 Rb3+ 64. Re3 Rb1 65.
Rd3 Rf1+ 66. Ke4 Re1+ 67. Re3 Ra1 68. Rf3 Ra4+ 69. Kd5 Ra5+ 70. Ke4 1/2-1/2

[Event "Southfield Super Tornado"]
[Site "Southfield, Mich."]
[Date "1987.06.27"]
[Round "2"]
[White "Moody, David"]
[Black "Keil, Stacy"]
[Result "1-0"]
[WhiteElo "2054"]
[BlackElo "1391"]
[PlyCount "55"]
[EventDate "1987.06.27"]

1. e4 e5 2. Nf3 Nc6 3. d4 exd4 4. Bc4 Bc5 5. O-O Nf6 6. e5 Ne4 7. Re1 d5 8.
exd6 Bf5 9. Bd5 O-O 10. Bxe4 Bxe4 11. Rxe4 Qxd6 12. Qe2 Rad8 13. Bf4 Qd7 14.
Nbd2 Rfe8 15. Re1 Rxe4 16. Nxe4 Bb6 17. Nfg5 h6 18. Nh3 Re8 19. Nf6+ gxf6 20.
Qxe8+ Qxe8 21. Rxe8+ Kg7 22. a3 Na5 23. Bc1 Nc4 24. Nf4 Kh7 25. Nh5 Kg6 26. g4
Ne5 27. Rg8+ Kh7 28. Nxf6# 1-0

[Event "Southfield Super Tornado"]
[Site "Southfield, Mich."]
[Date "1987.06.27"]
[Round "4"]
[White "Moody, David"]
[Black "Finegold, Mark"]
[Result "0-1"]
[WhiteElo "2054"]
[BlackElo "2123"]
[PlyCount "74"]
[EventDate "1987.06.27"]

1. e4 c5 2. Nf3 Nc6 3. d4 cxd4 4. Nxd4 Nf6 5. Nc3 e6 6. Bg5 Bc5 7. Nxc6 bxc6 8.
e5 h6 9. exf6 hxg5 10. fxg7 Rg8 11. Qh5 Qf6 12. Ne4 Qe5 13. Qh7 Rxg7 14. Qh8+
Bf8 15. Bd3 d5 16. O-O-O dxe4 17. Rhe1 Qf4+ 18. Kb1 exd3 19. Rxd3 Ba6 20. Rf3
Qh4 21. Rxe6+ Kd7 22. Rh6 Qe4 23. Re3 Qd5 24. Kc1 Re8 25. Rhh3 Qd6 26. Rd3 Bxd3
27. Rxd3 Rg6 28. Rxd6+ Rxd6 29. Qh3+ Kc7 30. Qc3 Rd5 31. a3 Bg7 32. Qg3+ Be5
33. Qf3 Red8 34. Kb1 f6 35. g3 Rb5 36. Qh5 Rxb2+ 37. Kc1 Rb5 0-1

[Event "Southfield Super Tornado"]
[Site "Southfield, Mich."]
[Date "1987.06.28"]
[Round "7"]
[White "Moody, David"]
[Black "Thompson, Dexter"]
[Result "1-0"]
[WhiteElo "2054"]
[BlackElo "2180"]
[PlyCount "95"]
[EventDate "1987.06.27"]

1. Nf3 d5 2. g3 c5 3. Bg2 Nc6 4. d4 Nf6 5. O-O c4 6. c3 Bf5 7. Nbd2 e6 8. Nh4
Bg6 9. Nxg6 hxg6 10. e4 Be7 11. exd5 exd5 12. Re1 Kf8 13. Nf3 Qd7 14. Ne5 Qf5
15. Qf3 Ne4 16. Qxf5 gxf5 17. f3 Nxe5 18. dxe5 Nc5 19. Bf1 Re8 20. Be3 b6 21.
Rad1 Rd8 22. Rd2 Ne6 23. Red1 Bg5 24. Bxg5 Nxg5 25. Kg2 Ke7 26. Rxd5 b5 27.
Rxd8 Rxd8 28. Rxd8 Kxd8 29. b3 cxb3 30. axb3 a6 31. Kf2 Kd7 32. Ke3 g6 33. h4
Ne6 34. b4 Kc6 35. g4 Kd5 36. gxf5 gxf5 37. f4 Nf8 38. h5 Ne6 39. Bd3 f6 40.
exf6 Nd8 41. Bxf5 Kd6 42. h6 Nf7 43. h7 Nh8 44. Kd4 Nf7 45. Bg6 Nh8 46. f5 Kd7
47. Kc5 Kc7 48. f7 1-0

[Event "Southfield Super Tornado"]
[Site "Southfield, Mich."]
[Date "1987.06.28"]
[Round "8"]
[White "Moody, David"]
[Black "Cooper, Thomas"]
[Result "0-1"]
[WhiteElo "2054"]
[BlackElo "2231"]
[PlyCount "58"]
[EventDate "1987.06.27"]

1. Nf3 Nf6 2. d3 g6 3. g3 Bg7 4. Bg2 O-O 5. c4 d6 6. Nc3 e5 7. O-O h6 8. Bd2 c6
9. Rb1 Be6 10. b4 e4 11. Nd4 exd3 12. Nxe6 fxe6 13. exd3 d5 14. b5 Nbd7 15.
bxc6 bxc6 16. Qa4 Qc8 17. Rfc1 Nb6 18. Qb3 dxc4 19. dxc4 Kh7 20. Be3 Ng4 21.
Bxb6 axb6 22. Qxb6 Nxf2 23. Qb7 Kh8 24. Bxc6 Bd4 25. Ne2 Be3 26. Rf1 Qxb7 27.
Bxb7 Rxa2 28. Kg2 Rxe2 29. Bf3 Rd2 0-1